| 000 | 00498nam a2200169Ia 4500 | ||
|---|---|---|---|
| 999 |
_c6842 _d6842 |
||
| 003 | OSt | ||
| 005 | 20200131093058.0 | ||
| 008 | 190216s9999||||xx |||||||||||||| ||und|| | ||
| 040 | _coclc | ||
| 082 |
_a658.4033 _bPAT/Q |
||
| 100 |
_a Patri, Digambar _91608 |
||
| 245 | 0 |
_aQuantitative Techniques / _cDigambar Patri ; D N Patri |
|
| 260 |
_bKalyani Publishers, _aLudhiana: _c2003. |
||
| 300 | _a343p | ||
| 650 | _aCommerce | ||
| 942 |
_cBK _2ddc _h658.4033 _iPAT/Q _k658.4033 _mPAT/Q |
||